000 00434nam a22001457a 4500
020 _a9781906417727
040 _cNUST
082 _a746.432 CRD
100 _aCross, Ruth
_989324
110 _aAnders, Ben
_989325
245 _aThe Knitted Home:
_bCreating Contemporary knits for Interiors
260 _aLONDON:
_bJacqui Small LLP,
_c2013.
650 _aKnitting -- Patterns. Interior decoration. Knitting.
_989429
942 _2ddc
_cBK
999 _c588097
_d588097